| 000 | 00644cam a2200229 4500 | ||
|---|---|---|---|
| 001 | J112041 | ||
| 008 | 000000n1999 000 0 eng u | ||
| 035 | _a(Sirsi) u112041 | ||
| 050 | _a690.0285 | ||
| 110 |
_aThe Building Centre Trust _91701 |
||
| 245 | _aIT usage in the construction team: research report | ||
| 260 |
_aLondon _bCRC _c1999 |
||
| 300 | _av, 39p. ; 30cm. | ||
| 350 | _a50.00 | ||
| 650 | _aINTERNET | ||
| 650 | _aIT SKILLS | ||
| 650 | _aCONSTRUCTION PROJECTS | ||
| 650 | _aCONSTRUCTION INDUSTRY | ||
| 650 | _aELECTRONIC INFORMATION | ||
| 690 | _aMANAGEMENT-BUSINESS MANAGEMENT-INFORMATION MANAGEMENT | ||
| 942 | _n0 | ||
| 999 |
_c101350 _d101350 |
||